Countries by famous landmark - Statistics

General Stats
  • This quiz has been taken 33 times
    31 since last reset
  • The average score is 32 of 45
Answer Stats
Picture Answer % Correct
Australia
100%
Brazil
100%
Egypt
100%
France
100%
Greece
100%
India
100%
Italy
100%
Mexico
100%
Russia
100%
United Kingdom
100%
United States
100%
China
96%
Japan
96%
Jordan
96%
North Korea
96%
Peru
96%
Saudi Arabia
93%
United Arab Emirates
93%
Cambodia
89%
Canada
89%
Nepal
86%
Cuba
82%
South Korea
82%
Thailand
82%
Singapore
75%
Turkey
75%
Vatican City
75%
Israel
64%
Switzerland
64%
Ecuador
61%
Qatar
57%
Monaco
54%
Mongolia
54%
Tanzania
46%
Indonesia
39%
Sweden
39%
Turkmenistan
36%
Vietnam
36%
Pakistan
29%
Syria
29%
Philippines
25%
Spain
21%
Yemen
21%
Kosovo
11%
Dr. Congo
4%
No matching quizzes found
Score Distribution
Percent of People with Each Score
Percentile by Number Answered
Your Score History
You have not taken this quiz since the last reset